|
|
|
|
| LEADER |
01305nam a22003252a 4500 |
| 001 |
000727643 |
| 003 |
CZ BrMZK |
| 005 |
20101006135040.0 |
| 007 |
ta |
| 008 |
040806s1992 xr er|||||||||||eng d |
| 015 |
|
|
|a cnb000074668
|
| 020 |
|
|
|a 80-210-0423-1
|q (brož.)
|
| 035 |
|
|
|a (OCoLC)85636573
|
| 040 |
|
|
|a ABA001
|b cze
|e cze
|
| 080 |
9 |
|
|a 539.216.2:535.24
|
| 100 |
1 |
|
|a Humlíček, Josef,
|d 1947-
|7 mzk2002140262
|4 aut
|
| 245 |
1 |
0 |
|a Sensitivity of Optical Measurements on Planar Stratified Structures and Reduction of Experimental Data /
|c Josef Humlíček
|
| 250 |
|
|
|a 1. vyd.
|
| 260 |
|
|
|a Brno :
|b Masarykova univerzita,
|c 1992
|
| 300 |
|
|
|a 99 s. :
|b tab., grafy ;
|c 24 cm
|
| 490 |
1 |
|
|a Folia Facultatis scientiarum naturalium Universitatis Masarykianae Brunensis. Physica ;
|v 49
|
| 500 |
|
|
|a 500 výt.
|
| 504 |
|
|
|a Obsahuje bibliografii
|
| 653 |
0 |
|
|a citlivost měření
|a optická měření
|a planární vrstvené struktury
|
| 655 |
|
7 |
|a studie
|7 fd133597
|2 czenas
|
| 710 |
2 |
|
|a Masarykova univerzita.
|b Přírodovědecká fakulta
|7 kn20010709281
|
| 830 |
|
0 |
|a Folia Facultatis scientiarum naturalium Universitatis Masarykianae Brunensis.
|p Physica
|
| 910 |
|
|
|a BOA001
|b 2-0986.029
|
| 990 |
|
|
|a BK
|
| 996 |
6 |
|
|b 2619229942
|c 2-0986.029
|l MZK
|r Sklad / do 1 hodiny
|n 2
|w 000727643
|u 000010
|a 1
|e BOA001
|j MZK50
|s P
|